Größte deutsche Städte ohne Professionelle Fußballmannschaft - Statistiken

Allgemein
  • Dieses Quiz wurde 472 mal gespielt
    185 seit der letzten Aktualisierung
  • Das Durchschnittsergebnis liegt bei 15 aus 30
Antwortstatistiken
Liga Bevölkerung Antwort % Korrekt
Nicht in 1. Bundesliga 1.08M Köln
85%
Nicht in 1. oder 2. Bundesliga oder 3. Liga 336k Bonn
80%
Nie in 1. Bundesliga 336k Bonn
80%
Nicht in 1. Bundesliga 563k Dresden
76%
Nicht in 1. oder 2. Bundesliga 563k Dresden
76%
Nicht in 1. Bundesliga 629k Düsseldorf
74%
Nicht in 1. oder 2. Bundesliga 502k Duisburg
71%
Nicht in 1. oder 2. Bundesliga oder 3. Liga 502k Duisburg
71%
Nicht in 1. oder 2. Bundesliga 585k Essen
67%
Nicht in 1. Bundesliga 585k Essen
67%
Nicht in 1. Bundesliga 545k Hannover
67%
Nie in 1. Bundesliga 234k Magdeburg
62%
Nicht in 1. oder 2. Bundesliga oder 3. Liga 252k Aachen
50%
Nicht in 1. oder 2. Bundesliga oder 3. Liga 249k Chemnitz
50%
Nie in 1. Bundesliga 249k Chemnitz
50%
Nicht in 1. oder 2. Bundesliga 359k Wuppertal
50%
Nicht in 1. oder 2. Bundesliga oder 3. Liga 359k Wuppertal
50%
Nie in 1. Bundesliga 242k Halle (Saale)
49%
Nicht in 1. oder 2. Bundesliga 338k Bielefeld
47%
Nie in 1. Bundesliga 283k Wiesbaden
46%
Nie in 1. oder 2. Bundesliga 162k Heidelberg
33%
Nie in 1. oder 2. Bundesliga oder 3. Liga 162k Heidelberg
33%
Nie in 1. oder 2. Bundesliga 190k Hagen
31%
Nie in 1. oder 2. Bundesliga oder 3. Liga 190k Hagen
31%
Nie in 1. oder 2. Bundesliga 181k Hamm
28%
Nie in 1. oder 2. Bundesliga oder 3. Liga 181k Hamm
28%
Nie in 1. oder 2. Bundesliga 172k Ludwigshafen am Rhein
27%
Nie in 1. oder 2. Bundesliga oder 3. Liga 172k Ludwigshafen am Rhein
27%
Nie in 1. oder 2. Bundesliga 154k Neuss
20%
Nie in 1. oder 2. Bundesliga oder 3. Liga 154k Neuss
20%
Keine übereinstimmenden Quizze gefunden
Verteilung der Resultate
Anzahl Personen mit jedem Resultat
Perzentil nach korrekt beantworteten Fragen
Ihre Resultats-Entwicklung
Sie haben dieses Quiz seit der letzten Aktualisierung nicht gespielt